000 00610 a2200241 4500
001 106932
020 _a9781846469305
041 _apor
090 _aSK 823 BAX
100 _aBaxter, Nicola.
250 _a. ed.
300 _a28 p.
490 _aMini
697 _aAutomobiles - Pictorial works
697 _aChildren's stories - Pictorial works.
697 _aTraffic congestion - Pictorial works
830 _aMini
856 _u000011/00001186.jpg
040 _aBR-BrIDEA
_cBR-BrIDEA
245 1 0 _aCharlie Car in a hurry
_c Nicola Baxter
260 _aLondon
_bLadybird
_c2008
942 _cBK
999 _c106932
_d106932